[Event "Schachbundesliga 2013/2014"]
[Date "2013.10.13"]
[Round "2.8"]
[Board "8"]
[White "Tresch, Ralf"]
[Black "Fruebing, Stefan"]
[Result "0-1"]
[WhiteClock "00:17:55"]
[BlackClock "00:14:29"]
[WhiteElo "2210"]
[BlackElo "2372"]
[WhiteClub "SC Viernheim"]
[BlackClub "SK KÃ¶nig Tegel"]
[PlyCount "144"]

1. Nf3 Nf6 2. c4 g6 3. g3 Bg7 4. Bg2 O-O 5. O-O d6 6. Nc3 a6 
7. d3 c6 8. a4 a5 9. Bd2 Na6 10. b3 e5 11. Rb1 Nd7 12. Qc1 Ndc5 
13. Bh6 Ne6 14. Bxg7 Kxg7 15. Qd2 f5 16. d4 e4 17. Ne1 Nb4 18. d5 Nc5 
19. Nc2 Nxc2 20. Qxc2 Qf6 21. Qd2 Rd8 22. Rfd1 Bd7 23. Qd4 Be8 24. f3 exf3 
25. exf3 Ra6 26. Qxf6+ Kxf6 27. Ne2 cxd5 28. cxd5 Bf7 29. f4 Re8 30. Kf2 Rb6 
31. Nd4 Ne4+ 32. Bxe4 Rxe4 33. Rd3 Bxd5 34. Nb5 Be6 35. Nxd6 Rxa4 36. bxa4 Rxb1 
37. Ke3 Rb4 38. Rd4 Rb3+ 39. Rd3 Rb1 40. Nb5 Rb2 41. Rd6 Ke7 42. Rb6 Rxh2 
43. Rxb7+ Bd7 44. Ra7 h5 45. Ra6 Rg2 46. Kf3 Ra2 47. Rxa5 Bc6+ 48. Ke3 Rg2 
49. Ra7+ Kd8 50. Kd4 Rxg3 51. Kc5 Be4 52. Rh7 Rg1 53. a5 Rc1+ 54. Kb6 Rc6+ 
55. Ka7 Bd3 56. Nd4 Rcxc7 57. Rxc7 Kxc7 58. Ne6+ Kd6 59. Ng5 Bf1 60. Nf3 Ke6 
61. a6 Kf6 62. Kb6 Bg2 63. Ng5 h4 64. a7 Kg7 65. Kc7 Kh6 66. Nf7+ Kh5 
67. Nd6 h3 68. Nb7 Bxb7 69. Kxb7 h2 70. a8=Q h1=Q 71. Ka7 Qxa8+ 72. Kxa8 Kg4 
0-1

[Event "Schachbundesliga 2013/2014"]
[Date "2013.10.13"]
[Round "2.7"]
[Board "7"]
[White "Lauber, Arnd"]
[Black "Izsak, Gyula"]
[Result "1-0"]
[WhiteClock "00:16:15"]
[BlackClock "00:18:21"]
[WhiteElo "2443"]
[BlackElo "2438"]
[WhiteClub "SF Berlin 1903"]
[BlackClub "SV Griesheim"]
[PlyCount "105"]

1. d4 d5 2. c4 e6 3. Nc3 Be7 4. cxd5 exd5 5. Bf4 c6 6. Qc2 Nf6 
7. e3 Nbd7 8. h3 Nf8 9. Nf3 Ng6 10. Bh2 Bd6 11. Bxd6 Qxd6 12. Bd3 Be6 
13. O-O O-O 14. Rab1 a5 15. a3 Ne7 16. Na4 g6 17. b4 axb4 18. axb4 Nd7 
19. b5 Ra5 20. bxc6 bxc6 21. Rfc1 Rfa8 22. Nb6 Nxb6 23. Rxb6 Ra1 24. Rbb1 Ra2 
25. Rb2 Rxb2 26. Qxb2 Qa3 27. Qxa3 Rxa3 28. Ne5 Rb3 29. g4 h6 30. Bf1 Rb6 
31. Ra1 Rb7 32. Kg2 Kg7 33. Kg3 Rc7 34. Rc1 Bd7 35. Ra1 f6 36. Nd3 Nc8 
37. Nc5 Kf7 38. Bd3 Be8 39. Ra8 Nd6 40. Bxg6+ Kxg6 41. Rd8 Nb7 42. Nxb7 Rxb7 
43. Rxe8 Rc7 44. Rg8+ Kf7 45. Rd8 c5 46. dxc5 Rxc5 47. Rd7+ Kg8 48. Kf4 Rc2 
49. f3 Rd2 50. Kf5 Rd3 51. Kxf6 Rxe3 52. Rxd5 Rxf3+ 53. Kg6 1-0

[Event "Schachbundesliga 2013/2014"]
[Date "2013.10.13"]
[Round "2.3"]
[Board "3"]
[White "Kempinski, Robert"]
[Black "Smeets, Jan"]
[Result "1/2-1/2"]
[WhiteClock "00:01:07"]
[BlackClock "00:15:37"]
[WhiteElo "2585"]
[BlackElo "2620"]
[WhiteClub "Hamburger SK"]
[BlackClub "SG Solingen"]
[PlyCount "56"]

1. d4 d5 2. c4 c6 3. e3 Nf6 4. Nf3 Bg4 5. h3 Bh5 6. Nc3 e6 
7. Qb3 Qc7 8. g4 Bg6 9. Ne5 Nbd7 10. Nxg6 hxg6 11. Bg2 Nb6 12. cxd5 exd5 
13. Qc2 O-O-O 14. b3 Kb8 15. Bb2 Bd6 16. O-O-O Qe7 17. Rhe1 Ba3 18. f3 Ne8 
19. Bxa3 Qxa3+ 20. Kb1 Nc7 21. Ne2 Rhe8 22. Nf4 Re7 23. Nd3 Rde8 24. Qd2 a5 
25. Nc5 Qb4 26. Kc2 Qa3 27. Kb1 Qb4 28. Kc2 Qa3 1/2-1/2

[Event "Schachbundesliga 2013/2014"]
[Date "2013.10.13"]
[Round "2.7"]
[Board "7"]
[White "Medvegy, Zoltan"]
[Black "Hausrath, Daniel"]
[Result "*"]
[WhiteClock "00:01:20"]
[BlackClock "00:01:20"]
[WhiteElo "2536"]
[BlackElo "2532"]
[WhiteClub "SC Eppingen"]
[BlackClub "SV MÃ¼lheim-Nord"]
[PlyCount "235"]

1. c4 c5 2. g3 g6 3. Bg2 Bg7 4. Nc3 Nc6 5. Nf3 d6 6. O-O Bf5 
7. d3 Qd7 8. Bd2 Bh3 9. Rb1 Nf6 10. Bxh3 Qxh3 11. Nd5 O-O 12. Bg5 Nxd5 
13. cxd5 Nd4 14. Nxd4 Bxd4 15. Bxe7 Rfe8 16. Bxd6 Rad8 17. Bf4 Rxd5 18. e3 Bf6 
19. Qf3 Rh5 20. Qg2 Qxg2+ 21. Kxg2 Rd5 22. Rfd1 Red8 23. Bc7 Rc8 24. Ba5 c4 
25. Bc3 Bxc3 26. bxc3 cxd3 27. Rxb7 Rxc3 28. Rxa7 Rc2 29. Ra4 Rf5 30. Rf4 Rxf4 
31. gxf4 d2 32. a4 Kg7 33. a5 Ra2 34. a6 Rxa6 35. Rxd2 Ra5 36. Rd8 Rb5 
37. h3 Ra5 38. Kg3 Rb5 39. Kg4 Ra5 40. Kg3 Rb5 41. e4 Rb3+ 42. f3 Rb1 
43. Rd5 Rg1+ 44. Kf2 Rh1 45. Kg2 Ra1 46. h4 Ra2+ 47. Kg3 Ra1 48. Rd6 Rg1+ 
49. Kh2 Ra1 50. Rd7 Kf6 51. h5 Ra5 52. e5+ Ke6 53. Rd6+ Ke7 54. Rb6 Ra2+ 
55. Kg3 Re2 56. Rb8 gxh5 57. Rb6 Kf8 58. Rh6 Kg7 59. Rxh5 h6 60. Rf5 Ra2 
61. Rf6 Re2 62. Ra6 Kh7 63. Kg4 Kg7 64. Ra7 Re1 65. Ra5 Rg1+ 66. Kh3 h5 
67. Kh2 Rg6 68. Kh3 Rg1 69. Ra2 Kg6 70. Ra6+ Kg7 71. f5 Rg5 72. Rf6 Rg1 
73. Kh4 Rh1+ 74. Kg3 h4+ 75. Kg2 Re1 76. f4 Re3 77. Ra6 h3+ 78. Kf2 Re1 
79. Kg3 Re3+ 80. Kg4 h2 81. f6+ Kg6 82. Ra1 Re2 83. Rh1 Rg2+ 84. Kh3 Ra2 
85. Rxh2 Ra4 86. Rg2+ Kf5 87. Rg5+ Ke6 88. Kg4 Ra1 89. Rg7 Rf1 90. Rh7 Rg1+ 
91. Kf3 Ra1 92. Rh8 Kf5 93. Rh5+ Ke6 94. Kg3 Rg1+ 95. Kh4 Rg2 96. Rg5 Rh2+ 
97. Kg3 Rh1 98. Kg2 Ra1 99. Rg7 Ra3 100. Rg3 Ra2+ 101. Kf3 Kf5 102. Rg5+ Ke6 
103. Rg2 Ra3+ 104. Kg4 Ra1 105. Kg5 Rf1 106. Rg4 Rh1 107. Rg2 Rf1 108. Ra2 Rg1+ 
109. Kh6 Rg4 110. Ra4 Kf5 111. Kh7 Rg1 112. Rb4 Rg4 113. Rc4 Rg1 114. Rc7 Kxf4 
115. e6 Rh1+ 116. Kg7 fxe6 117. f7 Rg1+ 118. Kf6 *